[Event "Stuttgarter Stadtmeisterschaft A"]
[Site "Ditzingen"]
[Date "2008.05.04"]
[Round "7.11"]
[White "Ringoir, Tanguy"]
[Black "Bissbort, Julian"]
[Result "1-0"]
[WhiteElo "2252"]
[BlackElo "2059"]
[PlyCount "73"]
[EventDate "2008.05.??"]
[EventType "swiss"]
[EventRounds "7"]
[EventCountry "GER"]

1. e4 c5 2. Nc3 Nc6 3. f4 g6 4. Nf3 Bg7 5. Bb5 Nd4 6. O-O e6 7. e5 a6 8. Bd3 d5
9. Nxd4 cxd4 10. Ne2 f6 11. Qe1 fxe5 12. fxe5 Bxe5 13. b3 Nh6 14. Bb2 Nf5 15.
Bxf5 gxf5 16. Nxd4 Bxd4+ 17. Bxd4 Rf8 18. Qe5 Bd7 19. Rae1 Qg5 20. Be3 Qf6 21.
Qf4 Rg8 22. Rf2 Kf7 23. Bd4 Qg5 24. Qe5 Rac8 25. c3 h5 26. Qd6 Rcd8 27. Bb6 Bc8
28. Bxd8 Rxd8 29. Qc7+ Kg8 30. Re3 h4 31. Qf4 Qf6 32. Rh3 d4 33. Qxh4 Qxh4 34.
Rxh4 dxc3 35. dxc3 Rd1+ 36. Rf1 Rd2 37. Rc4 1-0

[Event "Stuttgarter Stadtmeisterschaft A"]
[Site "Ditzingen"]
[Date "2008.05.04"]
[Round "7.12"]
[White "Schulte, Torsten"]
[Black "Schuh, Karsten"]
[Result "1/2-1/2"]
[WhiteElo "2185"]
[BlackElo "2207"]
[PlyCount "82"]
[EventDate "2008.05.??"]
[EventType "swiss"]
[EventRounds "7"]
[EventCountry "GER"]
[WhiteTeam "SC Eppingen"]
[BlackTeam "SC-HP Böbl.1975 e.V."]

1. d4 f5 2. g3 Nf6 3. Bg2 e6 4. Nf3 d5 5. O-O Bd6 6. c4 c6 7. Qc2 O-O 8. Bg5 h6
9. Bxf6 Qxf6 10. e3 Nd7 11. Nbd2 g5 12. Rab1 Rf7 13. b4 g4 14. Ne1 a6 15. a4
Nf8 16. b5 axb5 17. axb5 Bd7 18. Nd3 h5 19. Ra1 Rxa1 20. Rxa1 c5 21. cxd5 cxd4
22. exd4 Qxd4 23. Ra4 Qf6 24. Nc4 e5 25. Qb2 Ng6 26. Ra7 Be8 27. b6 e4 28. Qxf6
Rxf6 29. Ndb2 Ne5 30. Rxb7 Nf3+ 31. Bxf3 gxf3 32. Ra7 Bc5 33. Ra8 Bxb6 34.
Rxe8+ Kf7 35. Rh8 Bd4 36. Rxh5 Kg6 37. g4 Ra6 38. h4 Ra1+ 39. Kh2 Bxf2 40. Rg5+
Kh6 41. Rxf5 Rg1 1/2-1/2

[Event "Stuttgarter Stadtmeisterschaft A"]
[Site "Ditzingen"]
[Date "2008.05.04"]
[Round "7.13"]
[White "Zhou, Syang"]
[Black "Krockenberger, Martin"]
[Result "1/2-1/2"]
[WhiteElo "1991"]
[BlackElo "2220"]
[PlyCount "27"]
[EventDate "2008.05.??"]
[EventType "swiss"]
[EventRounds "7"]
[EventCountry "GER"]

1. e4 e5 2. Nf3 Nc6 3. Bb5 a6 4. Ba4 Nf6 5. O-O Be7 6. Re1 b5 7. Bb3 d6 8. c3
O-O 9. h3 Na5 10. Bc2 c5 11. d4 Nd7 12. b3 exd4 13. cxd4 Nc6 14. Nc3 1/2-1/2

[Event "Stuttgarter Stadtmeisterschaft A"]
[Site "Ditzingen"]
[Date "2008.05.04"]
[Round "7.15"]
[White "Haag, Ulrich"]
[Black "Jussupow, Ekaterina"]
[Result "0-1"]
[WhiteElo "2158"]
[BlackElo "2046"]
[PlyCount "64"]
[EventDate "2008.05.??"]
[EventType "swiss"]
[EventRounds "7"]
[EventCountry "GER"]
[WhiteTeam "SV Backnang"]
[BlackTeam "SK Krumbach"]

1. d4 Nf6 2. c4 e6 3. Nc3 Bb4 4. Qc2 Nc6 5. Nf3 d6 6. Bg5 h6 7. Bd2 O-O 8. g4
e5 9. g5 hxg5 10. dxe5 dxe5 11. Bxg5 e4 12. Nd2 Nd4 13. Qc1 Qd6 14. a3 Bxc3 15.
Qxc3 Ng4 16. Rg1 f6 17. Bh4 Qxh2 18. Rxg4 Bxg4 19. Bg3 Nxe2 20. Bxe2 Qh1+ 21.
Nf1 Bxe2 22. Kxe2 Rad8 23. Bxc7 Rd3 24. Qc2 Rf7 25. Ba5 Rfd7 26. Bc3 f5 27. c5
f4 28. c6 bxc6 29. Qb3+ Kh7 30. Qa4 Qf3+ 31. Ke1 e3 32. fxe3 fxe3 0-1

[Event "Stuttgarter Stadtmeisterschaft A"]
[Site "Ditzingen"]
[Date "2008.05.04"]
[Round "7.16"]
[White "Reck, Moritz"]
[Black "Kabisch, Thilo"]
[Result "0-1"]
[WhiteElo "2094"]
[BlackElo "2284"]
[PlyCount "44"]
[EventDate "2008.05.??"]
[EventType "swiss"]
[EventRounds "7"]
[EventCountry "GER"]

1. g3 Nf6 2. Bg2 Nc6 3. d3 e5 4. Nc3 Bc5 5. e4 d6 6. Be3 h5 7. h3 Bb6 8. Qd2
Be6 9. O-O-O d5 10. Bg5 Ba5 11. exd5 Bxc3 12. Qxc3 Bxd5 13. Bxf6 gxf6 14. Be4
f5 15. Nf3 f6 16. Nh4 Nd4 17. Qa5 fxe4 18. dxe4 Bxe4 19. Rhe1 b6 20. Qc3 Qd5
21. f3 O-O-O 22. fxe4 Ne2+ 0-1

[Event "Stuttgarter Stadtmeisterschaft A"]
[Site "Ditzingen"]
[Date "2008.05.04"]
[Round "7.17"]
[White "Imhof, Thomas"]
[Black "Raykhman, Alexander"]
[Result "1/2-1/2"]
[WhiteElo "2088"]
[BlackElo "2242"]
[PlyCount "86"]
[EventDate "2008.05.??"]
[EventType "swiss"]
[EventRounds "7"]
[EventCountry "GER"]
[WhiteTeam "SGem Vaihingen-Rohr"]
[BlackTeam "Schachklub München Südost e.V."]

1. e4 c6 2. d4 d5 3. e5 Bf5 4. Bd3 Bxd3 5. Qxd3 e6 6. Nf3 c5 7. c3 Qb6 8. O-O
Nc6 9. Nbd2 cxd4 10. cxd4 a5 11. a3 Rc8 12. Rd1 a4 13. b3 axb3 14. Rb1 Nh6 15.
Rxb3 Qa7 16. Qb5 Rc7 17. Nf1 Nf5 18. Ne3 Nxe3 19. Bxe3 Be7 20. h4 O-O 21. Rc1
Rfc8 22. Rbc3 Qb8 23. Qb2 Na5 24. Rxc7 Rxc7 25. Rxc7 Qxc7 26. Bd2 Nc4 27. Qc2
Bxa3 28. Ng5 g6 29. h5 Qc6 30. hxg6 hxg6 31. Bf4 Bf8 32. Qe2 Nb6 33. Qg4 Bg7
34. Qh4 Qb5 35. Qh7+ Kf8 36. Nxf7 Qb1+ 37. Kh2 Qf5 38. Bh6 Qxf7 39. Qh8+ Qg8
40. Bxg7+ Kf7 41. Qxg8+ Kxg8 42. Bf6 Kf7 43. Kg3 Nc4 1/2-1/2

[Event "Stuttgarter Stadtmeisterschaft A"]
[Site "Ditzingen"]
[Date "2008.05.04"]
[Round "7.18"]
[White "Arounopoulos, Stephan"]
[Black "Häcker, Alexander"]
[Result "0-1"]
[WhiteElo "2002"]
[BlackElo "2234"]
[PlyCount "94"]
[EventDate "2008.05.??"]
[EventType "swiss"]
[EventRounds "7"]
[EventCountry "GER"]
[WhiteTeam "SK e4 Gerlingen"]
[BlackTeam "SV Wolfbusch"]

1. d4 d5 2. Nf3 c6 3. c4 e6 4. cxd5 exd5 5. Nc3 Bf5 6. Bg5 Qb6 7. Qd2 h6 8. Bh4
Nd7 9. Qe3+ Be6 10. Qd2 Ngf6 11. e3 Bf5 12. Bxf6 Nxf6 13. Ne5 Bd6 14. Bd3 Bxd3
15. Nxd3 O-O 16. O-O Qc7 17. f4 Qe7 18. Ne5 Nd7 19. Qe2 Bc7 20. Nxd7 Qxd7 21.
f5 Bd8 22. f6 Bxf6 23. Rxf6 gxf6 24. Rf1 Qe6 25. Rf3 Kh7 26. Qf2 Rae8 27. Ne2
Qe4 28. h3 Rg8 29. g4 Rg5 30. Ng3 Qb1+ 31. Kh2 Re6 32. Nf5 Qe4 33. Rf4 Qd3 34.
Rf3 Rxf5 35. gxf5 Re8 36. Rg3 Rg8 37. Rxg8 Kxg8 38. Kg3 a5 39. Qf4 Kh7 40. Kh4
a4 41. Qf2 b6 42. Qf4 c5 43. dxc5 bxc5 44. Kh5 Qe2+ 45. Kh4 Qxb2 46. Qc7 Qf2+
47. Kg4 Qg2+ 0-1

[Event "Stuttgarter Stadtmeisterschaft A"]
[Site "Ditzingen"]
[Date "2008.05.04"]
[Round "7.19"]
[White "Ebeling, Jens"]
[Black "Nabavi, Parwis"]
[Result "1/2-1/2"]
[WhiteElo "2065"]
[BlackElo "2185"]
[PlyCount "115"]
[EventDate "2008.05.??"]
[EventType "swiss"]
[EventRounds "7"]
[EventCountry "GER"]
[WhiteTeam "SK Kriegshaber"]
[BlackTeam "SGEM Dreisamtal"]

1. e4 c5 2. Nf3 Nc6 3. Bb5 g6 4. O-O Bg7 5. Bxc6 dxc6 6. h3 Nf6 7. d3 O-O 8.
Nc3 Re8 9. Be3 Nd7 10. Qd2 e5 11. Nh2 Qe7 12. Rae1 Nf8 13. f4 exf4 14. Rxf4 c4
15. Ref1 f5 16. R4f3 Qb4 17. Qc1 cxd3 18. cxd3 Be6 19. Bh6 Bxh6 20. Qxh6 Qxb2
21. exf5 Bxf5 22. Ne4 Bxe4 23. dxe4 Qg7 24. Qh4 h5 25. Rf7 Qxf7 26. Rxf7 Kxf7
27. Qf4+ Ke6 28. Nf3 Re7 29. e5 Rd8 30. Qa4 a6 31. Qb4 Rdd7 32. Qc4+ Rd5 33.
Qf4 Rd8 34. Qb4 Kf7 35. Qf4+ Ke8 36. Qg5 c5 37. Nh4 Re6 38. Qe3 b6 39. Kh2 Rd7
40. Nf3 Rde7 41. Qe4 Rc7 42. Qa8+ Ke7 43. Qxa6 Nd7 44. Qb5 Ra7 45. Qb3 Nxe5 46.
Nxe5 Rxe5 47. Qxb6 Rxa2 48. Qb7+ Kf6 49. Qb6+ Kg5 50. Qd8+ Kf5 51. Qd3+ Kf6 52.
Qd8+ Re7 53. Qd6+ Re6 54. Qf8+ Ke5 55. Qxc5+ Kf6 56. Qf8+ Ke5 57. Qc5+ Kf6 58.
Qf8+ 1/2-1/2

[Event "Stuttgarter Stadtmeisterschaft A"]
[Site "Ditzingen"]
[Date "2008.05.04"]
[Round "7.20"]
[White "Meyner, Hannes"]
[Black "Richter, Götz"]
[Result "1-0"]
[WhiteElo "2146"]
[BlackElo "2073"]
[PlyCount "111"]
[EventDate "2008.05.??"]
[EventType "swiss"]
[EventRounds "7"]
[EventCountry "GER"]
[WhiteTeam "SC Turm Lüneburg e.V."]
[BlackTeam "Klub Kölner Schachfreunde e.V. 1"]

1. d4 Nf6 2. Nf3 e6 3. c4 b6 4. g3 Bb7 5. Bg2 Bb4+ 6. Bd2 a5 7. Nc3 O-O 8. O-O
Be7 9. Qc2 Nc6 10. a3 d6 11. e4 Ne8 12. Rfd1 g6 13. Bh6 Ng7 14. e5 Qc8 15. Ne4
Rd8 16. Bg5 Bxg5 17. Nfxg5 Ne8 18. Nf6+ Kg7 19. Ngxh7 dxe5 20. dxe5 Rxd1+ 21.
Rxd1 Nxf6 22. Nxf6 Nxe5 23. Qc3 Kxf6 24. f4 Bxg2 25. Qxe5+ Ke7 26. Kxg2 Qb7+
27. Kg1 f6 28. Qd4 Qc6 29. Rd3 a4 30. Kf2 Rb8 31. Ke3 Qd6 32. Qe4 Qc5+ 33. Kf3
f5 34. Qd4 Qxd4 35. Rxd4 Rh8 36. Kg2 Rh7 37. c5 bxc5 38. Rxa4 Kd6 39. h4 c6 40.
Ra8 Rb7 41. Rd8+ Ke7 42. Rd2 Rb3 43. Kh3 e5 44. fxe5 Re3 45. Rd6 g5 46. hxg5 f4
47. Rxc6 Rxg3+ 48. Kh4 Rg1 49. Rf6 Rg2 50. Rxf4 Rxb2 51. g6 Ra2 52. g7 Rh2+ 53.
Kg5 Rg2+ 54. Rg4 Rxg4+ 55. Kxg4 Kf7 56. a4 1-0

[Event "Stuttgarter Stadtmeisterschaft A"]
[Site "Ditzingen"]
[Date "2008.05.04"]
[Round "7.21"]
[White "Scharping, Hans-Martin"]
[Black "Kerpe, Andreas"]
[Result "1/2-1/2"]
[WhiteElo "2138"]
[BlackElo "1977"]
[PlyCount "61"]
[EventDate "2008.05.??"]
[EventType "swiss"]
[EventRounds "7"]
[EventCountry "GER"]
[WhiteTeam "SV 23 Böckingen"]
[BlackTeam "SAbt TSF Ditzingen"]

1. d4 f5 2. g3 Nf6 3. Bg2 g6 4. Nf3 Bg7 5. O-O O-O 6. c4 d6 7. Nc3 Qe8 8. d5 a5
9. Nd4 Na6 10. b3 Bd7 11. Bb2 g5 12. Qd2 Qh5 13. Rad1 f4 14. Ne4 Nxe4 15. Bxe4
Nc5 16. Bg2 Rf6 17. Nf3 Rh6 18. Bxg7 Kxg7 19. Rfe1 Rf8 20. Qxa5 b6 21. Qc3+ Kg8
22. b4 Ne4 23. Qd4 Nf6 24. h4 gxh4 25. Nxh4 Ng4 26. Rd3 Ne5 27. Ra3 Qg5 28. Nf3
Qh5 29. Nh4 Qg5 30. Nf3 Qh5 31. Nh4 1/2-1/2

[Event "Stuttgarter Stadtmeisterschaft A"]
[Site "Ditzingen"]
[Date "2008.05.04"]
[Round "7.23"]
[White "Wenner, Tobias"]
[Black "Notegger, Peter"]
[Result "1-0"]
[WhiteElo "2228"]
[BlackElo "1952"]
[PlyCount "105"]
[EventDate "2008.05.??"]
[EventType "swiss"]
[EventRounds "7"]
[EventCountry "GER"]
[WhiteTeam "SC Eppingen"]

1. Nf3 Nf6 2. c4 e6 3. g3 b6 4. Bg2 Bb7 5. O-O Be7 6. b3 O-O 7. Bb2 d5 8. e3
dxc4 9. bxc4 c5 10. d3 Nc6 11. Qe2 Qc7 12. Nc3 Rad8 13. Rfd1 Qc8 14. Bh3 Qa8
15. Ne1 Ne5 16. e4 Nc6 17. Nc2 a6 18. Rab1 Na7 19. Ba1 Nd7 20. f4 Bf6 21. Rf1
Bd4+ 22. Nxd4 cxd4 23. Nd1 Nc6 24. e5 Qa7 25. Nf2 Rb8 26. Ne4 Nc5 27. Nd6 Bc8
28. Bg2 Bd7 29. Bxc6 Bxc6 30. Bxd4 Qd7 31. Qe3 Nb7 32. Rxb6 Nxd6 33. exd6 Rxb6
34. Bxb6 Rb8 35. Qd4 Bb7 36. Kf2 Rc8 37. Ke3 Re8 38. Kd2 Bc6 39. Re1 Rb8 40.
Rb1 a5 41. Kc1 a4 42. a3 Qb7 43. Rb4 Qd7 44. Bc7 Rc8 45. Qb2 f6 46. Rb8 Kf7 47.
Rxc8 Qxc8 48. Qb6 Bd7 49. Qa7 e5 50. Bb6 Ke6 51. Qc7 Qa8 52. f5+ Kxf5 53. Qxd7+
1-0

[Event "Stuttgarter Stadtmeisterschaft A"]
[Site "Ditzingen"]
[Date "2008.05.04"]
[Round "7.24"]
[White "Höschele, Hans-Ulrich"]
[Black "Gehringer, Frank"]
[Result "*"]
[WhiteElo "2212"]
[BlackElo "2035"]
[PlyCount "103"]
[EventDate "2008.05.??"]
[EventType "swiss"]
[EventRounds "7"]
[EventCountry "GER"]
[WhiteTeam "Stuttgarter SF 1879"]
[BlackTeam "SC Leinfelden"]

1. Nf3 Nf6 2. c4 g6 3. b3 Bg7 4. Bb2 c6 5. Nc3 O-O 6. d4 d5 7. e3 Bf5 8. Be2
Re8 9. O-O Na6 10. Ne5 Nc7 11. Rc1 Nd7 12. f4 f6 13. Nxd7 Bxd7 14. cxd5 Nxd5
15. Nxd5 cxd5 16. Bf3 Bc6 17. f5 e6 18. fxg6 hxg6 19. Be2 Kf7 20. Rf3 Rh8 21.
Qe1 Qd6 22. h3 Rh7 23. Bd3 Rah8 24. Qf2 f5 25. Bf1 Bf6 26. g4 Ke8 27. gxf5 gxf5
28. Qh2 Rg8+ 29. Bg2 Qd8 30. Rg3 Rhg7 31. Rxg7 Rxg7 32. Qf4 Bg5 33. Qe5 Kf7 34.
Bc3 Qg8 35. Rc2 Bh4 36. Qf4 Bg3 37. Qf3 Qh7 38. Rc1 Bb5 39. Rd1 Kg8 40. Kh1 Be8
41. Qf1 Qh6 42. Bd2 a6 43. a4 b5 44. a5 Bh5 45. Rc1 Bg4 46. Rc6 Rc7 47. Rxc7
Bxc7 48. Kg1 Bh5 49. Qc1 Qg7 50. Kf1 Be2+ 51. Kxe2 Qxg2+ 52. Kd3 *

[Event "Stuttgarter Stadtmeisterschaft A"]
[Site "Ditzingen"]
[Date "2008.05.04"]
[Round "7.25"]
[White "Samu, Sorin-Mihai"]
[Black "Häußler, Frank"]
[Result "0-1"]
[WhiteElo "2176"]
[BlackElo "2030"]
[PlyCount "88"]
[EventDate "2008.05.??"]
[EventType "swiss"]
[EventRounds "7"]
[EventCountry "GER"]
[BlackTeam "SF 47 Neckartenzlingen"]

1. f4 g6 2. Nf3 Bg7 3. d4 c5 4. e3 cxd4 5. exd4 Nf6 6. Bd3 d6 7. O-O Qb6 8. c3
O-O 9. Qe2 Nc6 10. Nbd2 Re8 11. Nc4 Qc7 12. a4 Bg4 13. h3 Bd7 14. Bd2 Rad8 15.
f5 Nh5 16. fxg6 fxg6 17. Ng5 d5 18. Ne6 Bxe6 19. Qxe6+ Kh8 20. Ne3 Nf4 21. Rxf4
Qxf4 22. Rf1 Qd6 23. Qg4 e5 24. Rf7 Qe6 25. Qxe6 Rxe6 26. Rxb7 exd4 27. Nc2
dxc3 28. bxc3 Re7 29. Rb5 Bf6 30. Nb4 Nxb4 31. cxb4 Bd4+ 32. Kh2 Be3 33. Bc3+
d4 34. Bb2 Bf4+ 35. Kg1 Bg3 36. Rg5 Re1+ 37. Bf1 Bf4 38. Rg4 Be3+ 39. Kh2 Rxf1
40. b5 Bf4+ 41. g3 Rf2+ 42. Kg1 Rxb2 43. Rxf4 d3 44. Rf1 Ra2 0-1

[Event "Stuttgarter Stadtmeisterschaft A"]
[Site "Ditzingen"]
[Date "2008.05.04"]
[Round "7.26"]
[White "Guballa, Jens"]
[Black "Gabriel, Josef"]
[Result "1-0"]
[WhiteElo "2041"]
[BlackElo "2148"]
[PlyCount "77"]
[EventDate "2008.05.??"]
[EventType "swiss"]
[EventRounds "7"]
[EventCountry "GER"]
[WhiteTeam "SC Tamm 74"]
[BlackTeam "Stuttgarter SF 1879"]

1. d4 f5 2. g3 Nf6 3. Bg2 g6 4. c4 Bg7 5. Nc3 O-O 6. Nh3 Qe8 7. O-O c6 8. Nf4
Na6 9. Qc2 d6 10. d5 Bd7 11. Bd2 Ng4 12. Rac1 g5 13. Nd3 Qh5 14. h3 Ne5 15.
Nxe5 dxe5 16. e4 f4 17. g4 Qg6 18. Bf3 Kf7 19. Kg2 Rh8 20. b4 h5 21. Rh1 hxg4
22. Bxg4 Bxg4 23. hxg4 Nxb4 24. Qb1 cxd5 25. Qxb4 dxe4 26. Qxb7 Rhd8 27. Qxe4
Qe6 28. Qe2 Rxd2 29. Qxd2 Qxg4+ 30. Kf1 f3 31. Qd5+ e6 32. Qxa8 Qxc4+ 33. Ke1
e4 34. Qxa7+ Kg8 35. Qe3 g4 36. Nxe4 Qb4+ 37. Kf1 Qb5+ 38. Kg1 Qb7 39. Nc5 1-0

[Event "Stuttgarter Stadtmeisterschaft A"]
[Site "Ditzingen"]
[Date "2008.05.04"]
[Round "7.27"]
[White "Diele, Ralf"]
[Black "Weisenburger, Horst"]
[Result "0-1"]
[WhiteElo "1965"]
[BlackElo "2142"]
[PlyCount "116"]
[EventDate "2008.05.??"]
[EventType "swiss"]
[EventRounds "7"]
[EventCountry "GER"]
[WhiteTeam "Schachklub Werther 1949 e.V."]
[BlackTeam "SAbt VfL Sindelfingen"]

1. e4 d5 2. exd5 Qxd5 3. Nc3 Qd6 4. d4 Nf6 5. Nf3 a6 6. Bc4 b5 7. Bb3 e6 8. O-O
Be7 9. Re1 O-O 10. Ne5 c5 11. dxc5 Qxd1 12. Rxd1 Bxc5 13. h3 Nbd7 14. Nxd7 Bxd7
15. Bg5 Bc6 16. Bxf6 gxf6 17. Rd3 Rfd8 18. Rad1 Rxd3 19. Rxd3 Kf8 20. Kf1 Ke7
21. a4 f5 22. f3 h5 23. h4 Rg8 24. axb5 axb5 25. Ne2 Ra8 26. Rd1 b4 27. c3 Rb8
28. c4 f6 29. Nf4 Be3 30. Nd3 e5 31. Re1 Bd4 32. Re2 Kf8 33. Ne1 Be8 34. Nc2
Bxb2 35. Ne3 Bc3 36. Nd5 Kg7 37. Ra2 Bd4 38. Ra6 e4 39. Nf4 Bf7 40. fxe4 fxe4
41. Ne6+ Bxe6 42. Rxe6 f5 43. Rd6 Be5 44. Rd5 Kf6 45. Rb5 Rxb5 46. cxb5 Bg3 47.
Bd1 Kg6 48. b6 Bxh4 49. b7 Bg3 50. Ba4 h4 51. Bc2 Bd6 52. Ke2 Kf6 53. Ke3 Ke5
54. Bb3 f4+ 55. Kf2 Kd4 56. Ke2 f3+ 57. gxf3 h3 58. Kf2 h2 0-1

[Event "Stuttgarter Stadtmeisterschaft A"]
[Site "Ditzingen"]
[Date "2008.05.04"]
[Round "7.28"]
[White "Lange, Jan-David"]
[Black "Reichert, Manuel"]
[Result "1-0"]
[WhiteElo "2132"]
[BlackElo "1946"]
[PlyCount "39"]
[EventDate "2008.05.??"]
[EventType "swiss"]
[EventRounds "7"]
[EventCountry "GER"]
[WhiteTeam "SC Tamm 74"]
[BlackTeam "SGem Vaihingen-Rohr"]

1. e4 c5 2. Nf3 e6 3. d4 cxd4 4. Nxd4 Nc6 5. Nc3 Qc7 6. Ndb5 Qb8 7. Be3 a6 8.
Nd4 Nf6 9. Bd3 Bb4 10. O-O O-O 11. Kh1 b5 12. f4 Bb7 13. e5 Bxc3 14. exf6 Bxd4
15. Bxd4 Nxd4 16. Qh5 Bxg2+ 17. Kxg2 Qb7+ 18. Kh3 Nf5 19. Bxf5 exf5 20. Qg5 1-0

[Event "Stuttgarter Stadtmeisterschaft A"]
[Site "Ditzingen"]
[Date "2008.05.04"]
[Round "7.29"]
[White "Braun, Georg"]
[Black "Bogenschütze, Paul jr"]
[Result "1-0"]
[WhiteElo "1931"]
[BlackElo "2102"]
[PlyCount "53"]
[EventDate "2008.05.??"]
[EventType "swiss"]
[EventRounds "7"]
[EventCountry "GER"]
[WhiteTeam "SF Nabern"]
[BlackTeam "SF Deizisau"]

1. e4 c5 2. Nf3 d6 3. d4 cxd4 4. Nxd4 Nf6 5. Nc3 g6 6. Be3 Bg7 7. f3 O-O 8. Qd2
Nc6 9. Bc4 Bd7 10. O-O-O Rc8 11. Bb3 Ne5 12. h4 h5 13. Bg5 Rc5 14. Kb1 Nc4 15.
Qe2 Ne5 16. Rdg1 a5 17. g4 a4 18. Nxa4 Bxa4 19. Bxa4 hxg4 20. f4 Nf3 21. Nxf3
gxf3 22. Qxf3 Nh5 23. Bb3 Kh7 24. f5 Qd7 25. Be3 Ra5 26. Bxf7 Rxf7 27. fxg6+
1-0

[Event "Stuttgarter Stadtmeisterschaft A"]
[Site "Ditzingen"]
[Date "2008.05.04"]
[Round "7.30"]
[White "Severin, Andreas"]
[Black "Turski, Tomasz"]
[Result "1/2-1/2"]
[WhiteElo "1981"]
[BlackElo "2097"]
[PlyCount "76"]
[EventDate "2008.05.??"]
[EventType "swiss"]
[EventRounds "7"]
[EventCountry "GER"]
[WhiteTeam "SF Pfullingen"]
[BlackTeam "Schachclub Ingersheim eV"]

1. d4 d5 2. Nf3 Nf6 3. e3 c6 4. Bd3 g6 5. Nbd2 Bg7 6. O-O O-O 7. c3 Nbd7 8. e4
dxe4 9. Nxe4 Nxe4 10. Bxe4 e5 11. dxe5 Nxe5 12. Nxe5 Bxe5 13. Qxd8 Rxd8 14. Bh6
Re8 15. Bc2 Bg7 16. Bxg7 Kxg7 17. Rfe1 Be6 18. b3 Rad8 19. Rad1 a5 20. Rxd8
Rxd8 21. Rd1 Ra8 22. a4 b5 23. f4 bxa4 24. bxa4 Rb8 25. Be4 c5 26. Rd6 Rb3 27.
Ra6 Rxc3 28. Rxa5 Ra3 29. Rxc5 Rxa4 30. Re5 Kf6 31. g3 Bh3 32. Bf3 Ra1+ 33. Kf2
Rf1+ 34. Ke2 h5 35. Rd5 Ra1 36. Rd6+ Ke7 37. Rd2 Ra3 38. Kf2 Be6 1/2-1/2

[Event "Stuttgarter Stadtmeisterschaft A"]
[Site "Ditzingen"]
[Date "2008.05.04"]
[Round "7.31"]
[White "Meyer, Peter"]
[Black "Erben, Larissa"]
[Result "1/2-1/2"]
[WhiteElo "2090"]
[BlackElo "1942"]
[PlyCount "114"]
[EventDate "2008.05.??"]
[EventType "swiss"]
[EventRounds "7"]
[EventCountry "GER"]
[WhiteTeam "SC Oberwinden 1957 e.V."]
[BlackTeam "SV Wolfbusch"]

1. d4 d5 2. Nf3 Nf6 3. e3 c6 4. Bd3 Bg4 5. c4 Nbd7 6. cxd5 cxd5 7. Nc3 e6 8. h3
Bh5 9. Bd2 Be7 10. O-O O-O 11. g4 Bg6 12. Bxg6 hxg6 13. Qb3 Qb6 14. Qxb6 Nxb6
15. Rfc1 Nc4 16. b3 Nxd2 17. Nxd2 Ba3 18. Rc2 Rfc8 19. Ndb1 Be7 20. a3 Rc7 21.
Kf1 Rac8 22. Ke2 a5 23. Kd3 b5 24. Raa2 b4 25. axb4 axb4 26. Nd1 Ne4 27. f4 g5
28. Rxc7 Rxc7 29. Rc2 Bd6 30. Rxc7 Bxc7 31. fxg5 Nxg5 32. h4 Nf3 33. e4 Bf4 34.
exd5 exd5 35. Ne3 Bxe3 36. Kxe3 Nxh4 37. Kf4 Ng6+ 38. Kf5 Kf8 39. Nd2 Ke7 40.
Nf1 Kd6 41. Ne3 Ne7+ 42. Kf4 Ke6 43. Nc2 Nc6 44. g5 f5 45. gxf6 Kxf6 46. Ne3
Ke6 47. Nc2 Na5 48. Nxb4 Nxb3 49. Nc2 Nd2 50. Kg5 Kf7 51. Ne3 Ne4+ 52. Kf5 Nd6+
53. Kg5 Ke6 54. Kg6 Ne8 55. Kg5 Kd6 56. Kg6 Ke6 57. Kg5 Kd6 1/2-1/2

[Event "Stuttgarter Stadtmeisterschaft A"]
[Site "Ditzingen"]
[Date "2008.05.04"]
[Round "7.33"]
[White "Schiestl, Uwe"]
[Black "Budjav, Enkhjargal"]
[Result "0-1"]
[WhiteElo "2051"]
[BlackElo "1866"]
[PlyCount "70"]
[EventDate "2008.05.??"]
[EventType "swiss"]
[EventRounds "7"]
[EventCountry "GER"]
[WhiteTeam "Stuttgarter SF 1879"]
[BlackTeam "Stuttgarter SF 1879"]

1. e4 e5 2. Nf3 Nc6 3. Bc4 Be7 4. c3 Nf6 5. d4 d6 6. Qc2 O-O 7. h3 Nh5 8. g4
Nf4 9. Bxf4 exf4 10. Nbd2 Na5 11. Bd3 a6 12. b4 Nc6 13. Ke2 Re8 14. Rag1 Bf8
15. Kf1 Ne7 16. h4 c5 17. bxc5 dxc5 18. d5 b5 19. c4 Bd7 20. h5 bxc4 21. Nxc4
Bb5 22. g5 Nxd5 23. exd5 Qxd5 24. Kg2 Bc6 25. Ncd2 Qxg5+ 26. Kf1 Qh6 27. Rg5
Rad8 28. Kg1 Re1+ 29. Bf1 Rxd2 30. Qxd2 Bxf3 31. Rf5 Rxf1+ 32. Kxf1 Bxh1 33.
Kg1 Qc6 34. Rg5 Qf6 35. Rg4 Bf3 0-1

[Event "Stuttgarter Stadtmeisterschaft A"]
[Site "Ditzingen"]
[Date "2008.05.04"]
[Round "7.34"]
[White "Prestel, Oliver"]
[Black "Löwe, Joachim"]
[Result "1-0"]
[WhiteElo "2204"]
[BlackElo "1778"]
[PlyCount "95"]
[EventDate "2008.05.??"]
[EventType "swiss"]
[EventRounds "7"]
[EventCountry "GER"]
[WhiteTeam "SV Marbach"]
[BlackTeam "SK Schmiden/Cannstatt"]

1. d4 d5 2. c4 e6 3. Nf3 Nf6 4. Nc3 Be7 5. Bg5 O-O 6. e3 c6 7. Qc2 dxc4 8. Bxc4
Nd5 9. Bxe7 Qxe7 10. O-O Nd7 11. Rad1 a6 12. a3 Nxc3 13. Qxc3 Nb6 14. Ba2 Nd5
15. Qc2 Bd7 16. Ne5 Be8 17. Nd3 b6 18. e4 Nf6 19. Rfe1 Qb7 20. Nf4 Rc8 21. b4
Qb8 22. e5 Nd5 23. Bb1 g6 24. Nh5 f5 25. exf6 Nxf6 26. Ng3 Qf4 27. Rxe6 Ng4 28.
Re2 Rd8 29. Qe4 Qxe4 30. Nxe4 h6 31. f3 Nf6 32. Ba2+ Nd5 33. Nc3 Bf7 34. Nxd5
cxd5 35. Rc1 Rd6 36. Rc7 Re8 37. Re5 Kf8 38. Kf2 Kg8 39. f4 Rf8 40. Ree7 Re6
41. Rxf7 Rxf7 42. Rxf7 Kxf7 43. Bxd5 Kf6 44. Bxe6 Kxe6 45. Ke3 Kd5 46. Kd3 Kc6
47. g4 Kb5 48. f5 1-0

[Event "Stuttgarter Stadtmeisterschaft A"]
[Site "Ditzingen"]
[Date "2008.05.04"]
[Round "7.35"]
[White "Heeke, Guido"]
[Black "Probst, Alexander"]
[Result "0-1"]
[WhiteElo "1944"]
[BlackElo "2129"]
[PlyCount "72"]
[EventDate "2008.05.??"]
[EventType "swiss"]
[EventRounds "7"]
[EventCountry "GER"]
[WhiteTeam "Schachverein Letmathe 1933 e.V."]
[BlackTeam "SC Blau.Turm Bad Wimpfen"]

1. c4 Nf6 2. Nc3 g6 3. g3 Bg7 4. Bg2 d6 5. d4 O-O 6. Nf3 Nbd7 7. O-O c6 8. Bd2
e5 9. dxe5 Nxe5 10. Nxe5 dxe5 11. Qc1 Re8 12. Bg5 Qc7 13. e4 Be6 14. Bxf6 Bxf6
15. b3 Be7 16. Qe3 Qa5 17. Na4 Rad8 18. Rfd1 Bg4 19. Rxd8 Rxd8 20. c5 Rd4 21.
h3 Be6 22. Rc1 Qd2 23. Qc3 Qxa2 24. Qa5 Bxb3 25. Qxa7 Qxa4 26. Qxb7 Bf6 27. f4
Be6 28. f5 Rd1+ 29. Rxd1 Qxd1+ 30. Kh2 gxf5 31. exf5 Bd5 32. Bxd5 Qxd5 33. h4
e4 34. g4 Qd2+ 35. Kh3 Qe3+ 36. Kh2 Qf2+ 0-1

[Event "Stuttgarter Stadtmeisterschaft A"]
[Site "Ditzingen"]
[Date "2008.05.04"]
[Round "7.36"]
[White "Ringoir, Guy"]
[Black "Scherer, Holger"]
[Result "0-1"]
[WhiteElo "1941"]
[BlackElo "2084"]
[PlyCount "46"]
[EventDate "2008.05.??"]
[EventType "swiss"]
[EventRounds "7"]
[EventCountry "GER"]
[BlackTeam "SK Lauffen"]

1. e4 c5 2. Nc3 e6 3. Nf3 Nc6 4. d4 cxd4 5. Nxd4 Nf6 6. Be2 Bb4 7. O-O Bxc3 8.
bxc3 O-O 9. Bd3 Qa5 10. Bd2 Qc5 11. Nb3 Qh5 12. f3 d5 13. g4 Qh4 14. g5 dxe4
15. gxf6 exd3 16. cxd3 gxf6 17. Kh1 b6 18. Rg1+ Kh8 19. Rg3 Qh5 20. Qf1 Bb7 21.
d4 Rg8 22. Rh3 Qf5 23. Rh4 Ne5 0-1